| 000 | 00617nam a2200229Ia 4500 | ||
|---|---|---|---|
| 003 | OSt | ||
| 005 | 20220918211955.0 | ||
| 006 | a|||||r|||| 00| 0 | ||
| 007 | ta | ||
| 008 | 220917b |||||||| |||| 00| 0 eng d | ||
| 024 | _a126,516 | ||
| 037 | _cTextual | ||
| 040 |
_aARTS _cARTS _beng |
||
| 041 |
_2eng _aeng |
||
| 082 | _aW695.5.N7, L7 | ||
| 100 |
_aCarrillo Santiago _9121938 |
||
| 245 | 0 | _aEurocommunism and the state | |
| 260 |
_aLondon _bLawrence And Wishart _c1977 |
||
| 650 | _aPOLITICAL SCIENCE | ||
| 942 |
_hW695.5.N7, L7 _cTEXL _2CC |
||
| 999 |
_c249658 _d249658 |
||